000 00355nam a2200133Ia 4500
008 240624s9999 xx 000 0 und d
041 _aeng
082 _a153.3 RAZ
100 _aRAZEGHI ANDREW
245 _aRIDDLE WHERE IDEAS COME FROM AND HOW TO
260 _c2008
_aSan Francisco
_bJohn Wiley and Sons
300 _a249 : p. : cm. ; 26
365 _c
_b30
999 _c11438
_d11438